| 000 | 01894cam a2200133 4500500 | ||
|---|---|---|---|
| 005 | 20260405085604.0 | ||
| 041 | _afre | ||
| 042 | _adc | ||
| 100 | 1 | 0 |
_aLe Roux, Patrick _eauthor |
| 245 | 0 | 0 | _aLa péninsule ibérique aux époques romaines : (fin du IIIe s. av. n.è. – début du VIe s. de n.è.) |
| 260 |
_bArmand Colin,
_c2010. |
||
| 520 | _aPremière synthèse en français sur le sujet, l’ouvrage découle de quarante années d’enquêtes variées relatives à la péninsule Ibérique aux époques romaines. Attentif aux progrès des recherches dans toutes les disciplines concernées et aux évolutions historiographiques, le contenu essaie de se tenir à distance des notions telles que conquête, impérialisme, unité, romanisation, régionalismes, métissage, romanité, identité provinciale, autoreprésentation. Conçue comme la lecture ouverte et indéfinie d’une durée de sept siècles, l’histoire narrée et commentée ici épouse le temps, la chronologie pour mieux dissocier les phases et les périodes, pour mieux souligner la richesse et le polycentrisme de passés péninsulaires toujours renouvelés, pour mieux rendre compte des décalages et des discontinuités. La réflexion est dominée par le souhait d’éclairer ce qu’étaient les provinces et les sociétés provinciales d’un empire qui ne se pensait pas comme un territoire « national » et gouvernait des communautés et des populations qui ne préfigurèrent pas les États européens modernes. Les siècles de l’Antiquité tardive, abordés dans toute leur complexité, colorent de teintes disparates les mutations qui conduisirent à la « fin des provinces » qui ne saurait être confondue avec on ne sait quelle décadence de l’Empire romain. | ||
| 856 | 4 | 1 | _uhttps://shs.cairn.info/la-peninsule-iberique-aux-epoques-romaines--9782200268336?lang=fr&redirect-ssocas=7080 |
| 999 |
_c2198757 _d2198757 |
||